[Event "Tournoi francophone 018G"]
[Site "Skype"]
[Date "????.??.??"]
[Round "7.5"]
[White "Vervoort, Jean-Louis"]
[Black "Dib, Catherine"]
[Result "1-0"]
[WhiteElo "1273"]
[BlackElo "1100"]
[PlyCount "79"]

1. d4 Nf6 2. Bf4 g6 3. Be5 Bg7 4. Bxf6 Bxf6 5. e4 d6 6. c3 O-O 7. Nf3 Nd7 8.
Bd3 e5 9. Nbd2 b6 10. O-O Bb7 11. Re1 Rc8 12. Qc2 a6 13. Nf1 c5 14. d5 b5 15.
Rab1 c4 16. Be2 Qc7 17. h3 Nb6 18. N1h2 Bg7 19. Ng4 h6 20. Qd2 Kh7 21. Ng5+
hxg5 22. Qxg5 f6 23. Qh4+ Kg8 24. Nh6+ Bxh6 25. Qxh6 Qf7 26. Bg4 Rcd8 27. Re3
Nd7 28. Rg3 Qh7 29. Be6+ Rf7 30. Bxf7+ Qxf7 31. Rxg6+ Qxg6 32. Qxg6+ Kf8 33.
Re1 Ke7 34. Re3 Rf8 35. Rg3 a5 36. Qh7+ Rf7 37. Rg7 Ke8 38. Rxf7 Bc8 39. Qg8+
Nf8 40. Qxf8# 1-0

[Event "Tournoi francophone 018G"]
[Site "Skype"]
[Date "????.??.??"]
[Round "8.1"]
[White "Blanchard, Colette"]
[Black "Dib, Catherine"]
[Result "1-0"]
[WhiteElo "1090"]
[BlackElo "1100"]
[PlyCount "95"]

1. d4 Nf6 2. c4 e6 3. Nc3 Bb4 4. Nf3 d5 5. e3 Bxc3+ 6. bxc3 O-O 7. Ba3 Re8 8.
cxd5 exd5 9. Bb5 c6 10. Be2 Ne4 11. Qc2 b5 12. Bb2 Qc7 13. O-O Nd7 14. Bd3 Nb6
15. Nd2 Bf5 16. Nxe4 Bxe4 17. Qd2 Rac8 18. Rac1 Nd7 19. Bxe4 Rxe4 20. f3 Ree8
21. Qd1 c5 22. a4 a6 23. e4 dxe4 24. fxe4 Rxe4 25. Qf3 Nf6 26. dxc5 Qxc5+ 27.
Rf2 Re3 28. Qf4 Rce8 29. h3 Re1+ 30. Rxe1 Rxe1+ 31. Kh2 h5 32. c4 Qe7 33. cxb5
axb5 34. axb5 Rb1 35. b6 Ne4 36. Qb8+ Kh7 37. Rc2 Qh4 38. g3 Qxg3+ 39. Qxg3
Nxg3 40. Kxg3 Rg1+ 41. Kf4 Rf1+ 42. Ke5 f6+ 43. Kd6 Rd1+ 44. Kc7 Kg6 45. b7 Rd5
46. b8=Q Kf5 47. Qc8+ Ke4 48. Qe6+ 1-0

[Event "Tournoi francophone 018G"]
[Site "Skype"]
[Date "????.??.??"]
[Round "8.2"]
[White "Martin, Jean-Claude"]
[Black "Vervoort, Jean-Louis"]
[Result "1-0"]
[WhiteElo "1128"]
[BlackElo "1273"]
[PlyCount "49"]

1. d4 d5 2. c4 c6 3. Nc3 Nf6 4. Bf4 Bg4 5. cxd5 cxd5 6. Nb5 a6 7. Nc7+ Qxc7 8.
Bxc7 Nc6 9. h3 Bd7 10. e3 e6 11. a3 Rc8 12. Bg3 Be7 13. Nf3 O-O 14. Bd3 b5 15.
O-O b4 16. a4 Na5 17. Bxa6 Rc6 18. Bb5 Rc7 19. Bxd7 Rxd7 20. Rc1 Ne4 21. Rc7
Nxg3 22. Rxd7 Nxf1 23. Rxe7 Nc6 24. Rc7 Nxe3 25. fxe3 1-0

[Event "Tournoi francophone 018G"]
[Site "Skype"]
[Date "????.??.??"]
[Round "8.3"]
[White "Prieto Umba, Jairo Ovidio"]
[Black "Lognos, Lina"]
[Result "1/2-1/2"]
[WhiteElo "1219"]
[BlackElo "1009"]
[PlyCount "112"]

1. d4 d5 2. c4 Nf6 3. c5 Nc6 4. Nf3 e5 5. e3 e4 6. Nfd2 a6 7. a3 g6 8. Nc3 a5
9. b4 axb4 10. Na4 Bg7 11. Bb5 Bd7 12. O-O O-O 13. Bxc6 Bxc6 14. axb4 b5 15.
Ba3 Rxa4 16. Rb1 Rxa3 17. Qc2 Qa8 18. Nb3 Qa4 19. Qc3 Ra8 20. h3 Nd7 21. Ra1
Qxb3 22. Qxb3 Rxb3 23. Rxa8+ Bxa8 24. Ra1 Bc6 25. Ra6 Bb7 26. Ra7 Bc6 27. Rxc7
Nf8 28. Rxc6 Rxb4 29. Rb6 Rb1+ 30. Kh2 b4 31. c6 Rc1 32. Kg3 Ne6 33. Rxb4 Rxc6
34. Rb5 Nc7 35. Rc5 Rxc5 36. dxc5 Bf8 37. c6 Bd6+ 38. f4 f5 39. Kf2 Ne6 40. g3
Nd8 41. Ke2 Nxc6 42. Kd2 Kf7 43. Kc3 Ke6 44. Kd2 d4 45. exd4 Nxd4 46. Ke3 Kd5
47. Kd2 Nf3+ 48. Ke3 Bc5+ 49. Ke2 Kd4 50. g4 Ng1+ 51. Ke1 Nxh3 52. gxf5 gxf5
53. Ke2 Nxf4+ 54. Kf2 Kd3+ 55. Ke1 h5 56. Kf1 Kd2 1/2-1/2

[Event "Tournoi francophone 018G"]
[Site "Skype"]
[Date "????.??.??"]
[Round "8.4"]
[White "Moraga Vasquez, Michael"]
[Black "Hampton, Irene"]
[Result "1-0"]
[WhiteElo "1168"]
[BlackElo "1057"]
[PlyCount "39"]

1. e4 c6 2. d3 d5 3. Nd2 dxe4 4. dxe4 Nf6 5. Ngf3 c5 6. Bc4 e6 7. O-O Nc6 8. c3
Be7 9. Re1 O-O 10. Qe2 h6 11. Nf1 e5 12. Ng3 Bd6 13. Nh4 Bg4 14. Qd3 Qe7 15. h3
Bxh3 16. gxh3 Qd7 17. Ngf5 Bc7 18. Bxh6 gxh6 19. Qg3+ Kh8 20. Qg7# 1-0

[Event "Tournoi francophone 018G"]
[Site "Skype"]
[Date "????.??.??"]
[Round "8.5"]
[White "Abate, Luigi"]
[Black "Coude, Josue"]
[Result "1-0"]
[WhiteElo "1153"]
[BlackElo "1073"]
[PlyCount "91"]

1. d4 d5 2. Bf4 Bf5 3. e3 Nf6 4. Nd2 e6 5. Ngf3 Bb4 6. Bd3 Bxd3 7. cxd3 O-O 8.
O-O Nh5 9. Bh6 gxh6 10. Ne5 Nd7 11. Qxh5 Qf6 12. Ndf3 Nxe5 13. Nxe5 c5 14. Nd7
Qg6 15. Qxg6+ fxg6 16. Nxf8 Rxf8 17. dxc5 Bxc5 18. d4 Be7 19. Rac1 Kf7 20. Rc7
Rb8 21. Rfc1 h5 22. Rc8 Rxc8 23. Rxc8 b5 24. Ra8 b4 25. Rxa7 g5 26. a3 bxa3 27.
bxa3 g4 28. a4 Ke8 29. a5 Bb4 30. a6 e5 31. dxe5 Bc5 32. Rxh7 Kf8 33. Rxh5 Ke7
34. Rg5 Ke6 35. Rxg4 Kxe5 36. h4 Kf5 37. Rg5+ Kf6 38. Rxd5 Ba7 39. h5 Ke6 40.
e4 Kf6 41. e5+ Kf5 42. h6 Ke4 43. Rd7 Bd4 44. e6 Kd3 45. e7 Kc4 46. e8=Q 1-0

[Event "Tournoi francophone 018G"]
[Site "Skype"]
[Date "????.??.??"]
[Round "9.2"]
[White "Hampton, Irene"]
[Black "Abate, Luigi"]
[Result "0-1"]
[WhiteElo "1057"]
[BlackElo "1153"]
[PlyCount "98"]

1. d4 d5 2. Nc3 Nf6 3. Bf4 c6 4. e3 Bf5 5. Bd3 Bxd3 6. Qxd3 Nbd7 7. Nf3 e6 8.
a3 Nb6 9. Na2 Nc4 10. Rb1 Ne4 11. O-O Ned2 12. Nxd2 Bd6 13. Bg3 Nb6 14. Rfe1
O-O 15. Qe2 Re8 16. e4 Rc8 17. e5 Bb8 18. Nf3 Nc4 19. Red1 h6 20. h4 a6 21. a4
b5 22. Nc3 b4 23. Na2 a5 24. Rd3 Ba7 25. c3 Rb8 26. Nd2 b3 27. Nc1 Nb6 28.
Ncxb3 Nxa4 29. Qg4 c5 30. Rf3 c4 31. Qf4 Rf8 32. h5 cxb3 33. Bh4 g5 34. Bxg5
hxg5 35. Qg4 Kh7 36. Rh3 Rg8 37. Kh1 Nb6 38. Rf1 Nc4 39. Nxc4 dxc4 40. f4 a4
41. Qf3 g4 42. Qg3 gxh3 43. Qxh3 a3 44. bxa3 b2 45. f5 b1=Q 46. Rxb1 Rxb1+ 47.
Kh2 Qg5 48. g4 Qc1 49. Qg3 Qh1# 0-1

[Event "Tournoi francophone 018G"]
[Site "Skype"]
[Date "????.??.??"]
[Round "9.4"]
[White "Vervoort, Jean-Louis"]
[Black "Prieto Umba, Jairo Ovidio"]
[Result "0-1"]
[WhiteElo "1273"]
[BlackElo "1219"]
[PlyCount "110"]

1. d4 d5 2. Bf4 e6 3. e3 Bd6 4. Bg3 a6 5. c3 Bxg3 6. hxg3 c6 7. Bd3 Nf6 8. Nd2
b5 9. Qc2 h6 10. Ngf3 O-O 11. Ng5 Qe7 12. Nh7 Rd8 13. Nxf6+ Qxf6 14. Nf3 Nd7
15. O-O-O c5 16. Rh5 c4 17. Be2 Kf8 18. Rdh1 Ke7 19. g4 Bb7 20. g5 hxg5 21.
Nxg5 Qxf2 22. Qd2 Qxg2 23. Nf3 Qg6 24. Rg5 Qf6 25. Rhg1 g6 26. Ne5 Nxe5 27.
dxe5 Qg7 28. Qc2 Rh8 29. b3 Rh2 30. R5g2 Rxg2 31. Rxg2 Qxe5 32. Qd2 Rh8 33. Rg1
Rh2 34. Kb2 b4 35. Kc2 Qxc3+ 36. Qxc3 bxc3 37. Re1 d4 38. exd4 Bf3 39. Kd1 c2+
40. Kd2 Rxe2+ 41. Rxe2 Bxe2 42. Kxc2 cxb3+ 43. axb3 g5 44. Kd2 Bb5 45. Ke3 Kf6
46. Ke4 Bc6+ 47. Ke3 Kf5 48. Kf2 Kf4 49. b4 g4 50. Kg1 g3 51. Kf1 g2+ 52. Kg1
Ke3 53. b5 axb5 54. d5 Bxd5 55. Kh2 b4 0-1

[Event "Tournoi francophone 018G"]
[Site "Skype"]
[Date "????.??.??"]
[Round "9.5"]
[White "Dib, Catherine"]
[Black "Martin, Jean-Claude"]
[Result "1-0"]
[WhiteElo "1100"]
[BlackElo "1128"]
[PlyCount "41"]

1. Nf3 d5 2. c4 c6 3. g3 dxc4 4. Na3 b5 5. Bg2 e6 6. b3 Bxa3 7. Bxa3 cxb3 8.
axb3 Ne7 9. O-O O-O 10. Qc2 Qb6 11. Bxe7 Re8 12. Ba3 b4 13. Bb2 Ba6 14. d3 c5
15. Rfd1 Nc6 16. e3 h6 17. d4 cxd4 18. exd4 Red8 19. Ne5 Rac8 20. Nxc6 Rxc6 21.
Bxc6 1-0